Statistics for Men's Tennis Player Tile Select Quiz

Click here to take the quiz!

General Stats

  • This quiz has been taken 230 times
    (137 since last reset)
  • The average score is 60 of 96

Answer Stats

QuestionTileSelect% Correct
Tennis players that have won a Grand SlamRoger FedererYes
98%
Tennis players that have won a Grand SlamGreg RusedskiNo
97%
Tennis players that have won a Grand SlamNovak DjokovicYes
97%
Tennis players that have won a Grand SlamRafael NadalYes
96%
Tennis players that have won a Grand SlamGrigor DimitrovNo
94%
Tennis players that have won a Grand SlamMagnus NormanNo
94%
Tennis players that have won a Grand SlamJohn McEnroeYes
93%
Tennis players that have won a Grand SlamRobin SoderlingNo
93%
Tennis players that have won an ATP Masters 1000Roger FedererYes
93%
Tennis players that have won a Grand SlamThomas EnqvistNo
93%
Tennis players that have won an ATP Masters 1000Dusan LajovicNo
92%
Tennis players that have won a Grand SlamJonas BjorkmanNo
92%
Tennis players that have won an ATP Masters 1000Andreas SeppiNo
91%
Tennis players that have won three grand slams in one yearNovak DjokovicYes
90%
Tennis players that have won three grand slams in one yearYannick NoahNo
90%
Tennis players that have won a Grand SlamRod LaverYes
88%
Tennis players that have won three grand slams in one yearPatrick RafterNo
87%
Tennis players that have won an ATP Masters 1000Daniil MedvedevYes
85%
Tennis player that have won ATP Masters 1000 CincinnatiMarcelo RiosNo
84%
Tennis players that have won three grand slams in one yearRoger FedererYes
84%
Tennis players that have won an ATP Masters 1000Alexander ZverevYes
83%
Tennis players that have won a Grand SlamMarcelo RiosNo
83%
Tennis players that have won a Grand SlamDavid FerrerNo
82%
Tennis players that have won an ATP Masters 1000Stefanos TsitsipasYes
81%
Tennis player that have won ATP Masters 1000 CincinnatiRoger FedererYes
80%
Tennis players that have won three grand slams in one yearAndy MurrayNo
79%
Tennis players that have won an ATP Masters 1000David GoffinNo
79%
Tennis players that have won three grand slams in one yearRafael NadalYes
78%
Tennis player that have won ATP Masters 1000 CincinnatiThomas MusterNo
78%
Tennis players that have won the US OpenNovak DjokovicYes
77%
Tennis players that have won the US OpenSergi BrugueraNo
77%
Tennis players that have won the US OpenYannick NoahNo
77%
Tennis players that have won an ATP Masters 1000Matteo BerrettiniNo
76%
Tennis player that have won ATP Masters 1000 CincinnatiMichael StichNo
76%
Tennis players that have won an ATP Masters 1000Gael MonfilsNo
75%
Tennis players that have won the US OpenJohan KriekNo
75%
Tennis players that have won ATP 500 BaselRoger FedererYes
75%
Tennis players that have won the US OpenJan KodesNo
74%
Tennis players that have won three grand slams in one yearArthur AsheNo
73%
Tennis players that have won an ATP Masters 1000Grigor DImitrovYes
70%
Tennis players that have won the US OpenMichael StichNo
70%
Tennis players that have won the US OpenPete SamprasYes
70%
Tennis players that have won a Grand SlamAndrei MedvedevNo
69%
Tennis players that have won three grand slams in one yearRod LaverYes
68%
Tennis players that have won a Grand SlamCarlos MoyaYes
67%
Tennis players that have won an ATP Masters 1000Milos RaonicNo
67%
Tennis players that have won an ATP Masters 1000Pablo Carreno BustaNo
67%
Tennis players that have won three grand slams in one yearBoris BeckerNo
66%
Tennis players that have won three grand slams in one yearKen RosewallNo
65%
Tennis player that have won ATP Masters 1000 CincinnatiGoran IvanisevicNo
64%
Tennis players that have won the US OpenJimmy ConnorsYes
64%
Tennis players that have won ATP 500 BaselMarc RossetNo
64%
Tennis players that have won the US OpenMarin CilicYes
64%
Tennis players that have won ATP 500 BaselMichael ChangNo
64%
Tennis player that have won ATP Masters 1000 CincinnatiDaniil MedvedevYes
62%
Tennis player that have won ATP Masters 1000 CincinnatiBjorn BorgNo
61%
Tennis players that have won an ATP Masters 1000David FerrerYes
61%
Tennis players that have won the US OpenBoris BeckerYes
59%
Tennis players that have won a Grand SlamIlie NastaseYes
59%
Tennis player that have won ATP Masters 1000 CincinnatiRafael NadalYes
59%
Tennis players that have won the US OpenMichael ChangNo
57%
Tennis player that have won ATP Masters 1000 CincinnatiAndy RoddickYes
56%
Tennis player that have won ATP Masters 1000 CincinnatiDominic ThiemNo
56%
Tennis player that have won ATP Masters 1000 CincinnatiJim CourierNo
56%
Tennis players that have won three grand slams in one yearJohn McEnroeNo
55%
Tennis player that have won ATP Masters 1000 CincinnatiLleyton HewittNo
53%
Tennis players that have won an ATP Masters 1000Karen KhachanovYes
50%
Tennis players that have won ATP 500 BaselNovak DjokovicYes
50%
Tennis players that have won ATP 500 BaselAndy RoddickNo
48%
Tennis players that have won three grand slams in one yearIvan LendlNo
48%
Tennis players that have won the US OpenStefan EdbergYes
48%
Tennis players that have won ATP 500 BaselAndy MurrayNo
46%
Tennis players that have won an ATP Masters 1000Jack SockYes
46%
Tennis player that have won ATP Masters 1000 CincinnatiMarin CilicYes
45%
Tennis players that have won three grand slams in one yearBjorn BorgNo
44%
Tennis players that have won three grand slams in one yearPete SamprasNo
44%
Tennis players that have won ATP 500 BaselRafael NadalNo
42%
Tennis players that have won ATP 500 BaselAndre AgassiNo
40%
Tennis players that have won ATP 500 BaselJimmy ConnorsNo
39%
Tennis players that have won the US OpenBjorn BorgNo
37%
Tennis players that have won the US OpenJim CourierNo
37%
Tennis players that have won three grand slams in one yearJimmy ConnorsYes
37%
Tennis players that have won the US OpenPatrick RafterYes
35%
Tennis players that have won ATP 500 BaselMarin CilicYes
34%
Tennis player that have won ATP Masters 1000 CincinnatiGrigor DimitrovYes
33%
Tennis players that have won an ATP Masters 1000Robin SoderlingYes
30%
Tennis players that have won ATP 500 BaselJohn McEnroeYes
29%
Tennis players that have won three grand slams in one yearMats WilanderYes
28%
Tennis players that have won ATP 500 BaselDavid NalbandianYes
24%
Tennis players that have won ATP 500 BaselJim CourierYes
22%
Tennis players that have won the US OpenGuillermo VilasYes
19%
Tennis players that have won ATP 500 BaselTim HenmanYes
15%
Tennis players that have won ATP 500 BaselGuillermo CoriaYes
7%
Tennis players that have won ATP 500 BaselJiri NovakYes
7%
Tennis player that have won ATP Masters 1000 CincinnatiGustavo KuertenYes
6%
Tennis player that have won ATP Masters 1000 CincinnatiThomas EnqvistYes
6%

Score Distribution

Percentile by Number Answered

Percent of People with Each Score

Your Score History

You have not taken this quiz since the last reset